00329nam a2200133Ia 4500008004100000040001900041041001200060082002400072245002500096260003700121300001100158650000800169850001800177131103s9999 xx 000 0 und d aLoreto College aEnglish aMIS/LITbLCBED/9176 4aThe little joke book aNew YorkbThe Peter Pauperc1959 a 18cm. aMIS aLCBED/MIS/LIT